Normal view
MARC view
- الزعبي ، جلال محمد ، المناعسة ، أسامة أحمد
Entry Personal Name
001 - CONTROL NUMBER
- control field: 25026
003 - CONTROL NUMBER IDENTIFIER
- control field: JO-AjAnu
005 - DATE AND TIME OF LATEST TRANSACTION
- control field: 20230606074301.0
008 - FIXED-LENGTH DATA ELEMENTS
- fixed length control field: 230606|| aca||aabn | a|a d
040 ## - CATALOGING SOURCE
- Original cataloging agency: JO-AjAnu
- Transcribing agency: JO-AjAnu
100 ## - HEADING--PERSONAL NAME
- Personal name: الزعبي ، جلال محمد ، المناعسة ، أسامة أحمد
670 ## - SOURCE DATA FOUND
- Source citation: Work cat.: (JO-AjAnu)12875: الزعبي ، جلال محمد ، المناعسة ، أسامة أحمد , author, جرائم تقنية نظم المعلومات الإلكترونية " دراسة مقارنة "